000 00429nam a2200181Ia 4500
001 11215
005 20260306161930.0
008 260306t2017||||xx |||||||||||||| ||spa||
041 _aESP
082 _a985.019
_bH497
100 _aHyslop, John
_eAUT
245 0 _aQhapaqñan:
_bel sistema vial inkaico
260 _c2017
300 _a561 páginas :
_c24 cm.
650 _aGEN
654 _aCHU
942 _cLIB
_dJUS
_fJUS
_2ddc
_n
999 _c11215
_d11215